| Registos Bibliográficos associados ao registo de autoridade |
|
Etiqueta de registo: 00254nam 2200025 450 001 2156154 003 http://id.bnportugal.gov.pt/bib/catbnp/2156154 010 ## $a978-989-54549-8-3 021 ## $aPT$b522509/23 100 ## $a20240209d2023 m y0pory01030103ba 101 1# $apor$beng 102 ## $aPT 105 ## $aa z 000yy 106 ## $ar 200 1# $a O Buda que há em ti$eensinamentos sobre a Grande Panaceia que derrota a fixação ao Eu$fShechen Gyaltsap Gyurme Pema Namgyal$gautor do comentário Shechen Rabjam 205 ## $a1ª ed 210 #9 $aLisboa$cPadmakar,$d2023 215 ## $a207, [1] p.$cil.$d22 304 ## $aTít. orig. do comentário: The Great Medicine that conquers clinging to the notion
of reality: steps in meditation on the enlightened mind 305 ## $aContém textos em tibetano 675 ## $a24Budismo$vBN$zpor$31278430 700 #0 $aShechen,$bGyaltsap,$f1871-1926$31906440 702 #0 $aShechen,$bRabjam,$f1966-$4070$31906441 801 #0 $aPT$bBN$gRPC 856 41 $uhttp://rnod.bnportugal.gov.pt/ImagesBN/winlibimg.aspx?skey=&doc=2156154&img=189132&save=true 900 ## $aBIBNAC$d20240314 966 ## $lBN$mFGMON$sR. 32556 V.$x1 966 ## $lBN$mFGMON$sR. 32556 V.-D$x1 971 ## $cjbeatriz$d20240209 972 ## $e0$z0$d20240314$vmsebas 973 ## $cacosta$d20240212
|
|
|